000 00761nam a2200205 i 4500
001 24002
003 ES-MaACL
005 20230906152954.0
007 t|
008 021213s1965 sp ||||1| spa d
100 1 _aMissenard, André.
_921544
245 1 0 _aCalefacción, ventilación y acondicionamiento del aire.
_nLibro III,
_pCálculo de los proyectos y de las instalaciones /
_cpor A. Missenard ; [traducida por Manuel Sagardia Valcarce].
260 _aMadrid :
_bParaninfo,
_c1965.
300 _a185 p., [1] h. de plano pleg. :
_bplanos ;
_c22 cm.
650 4 _aCalefacción.
_9155174
650 0 4 _aVentilación.
_9136979
650 0 4 _aAire acondicionado.
_99705
700 1 _aSagardía Valcarce, Manuel.
_9101404
852 _aES-MaACL
_jP-1106
_bR.61325
999 _c24002
_d24002